Les pays d'Asie par population - Statistiques

Statistiques générales
  • Ce quiz a été pris 237 fois
  • Le résultat moyen est 21 sur 50
Statistiques - réponses
# Population (hab.) Réponse % Correct
1 1 417 913 092 Chine
100%
2 1 326 093 247 Inde
99%
3 267 026 366 Indonésie
96%
4 207 774 520 Pakistan
89%
5 162 650 853 Bangladesh
85%
7 125 507 472 Japon
85%
8 109 180 815 Philippines
78%
6 146 780 700 Russie
75%
10 84 923 314 Iran
74%
9 98 721 275 Viêt Nam
73%
11 83 154 997 Turquie
68%
12 68 977 400 Thaïlande
67%
14 51 709 098 Corée du Sud
62%
13 56 590 071 Birmanie
57%
15 38 872 655 Irak
52%
17 34 173 498 Arabie saoudite
50%
18 31 809 660 Malaisie
50%
16 36 643 815 Afghanistan
48%
22 25 381 085 Corée du Nord
37%
19 30 565 411 Ouzbékistan
37%
50 392 709 Maldives
35%
21 28 036 829 Yémen
34%
49 450 565 Brunei
33%
20 30 327 877 Népal
33%
26 18 744 548 Kazakhstan
32%
44 2 444 174 Qatar
32%
25 19 454 263 Syrie
28%
31 9 152 000 Israël
27%
27 16 204 486 Cambodge
26%
24 22 889 201 Sri Lanka
26%
45 1 442 659 Bahreïn
25%
43 2 993 706 Koweït
25%
23 23 603 049 Taïwan
25%
48 782 318 Bhoutan
24%
29 10 205 810 Azerbaïdjan
23%
30 9 992 083 Émirats arabes unis
23%
33 7 234 171 Laos
23%
32 8 873 669 Tadjikistan
23%
46 1 321 929 Timor oriental
23%
34 6 209 660 Singapour
22%
40 3 997 000 Géorgie
21%
39 4 664 844 Oman
21%
36 5 469 612 Liban
20%
42 3 021 324 Arménie
18%
28 10 820 644 Jordanie
18%
41 3 168 026 Mongolie
18%
37 5 411 012 Turkménistan
18%
47 864 236 Chypre
17%
35 5 849 296 Kirghizistan
16%
38 5 090 293 Palestine
8%
Aucun quiz correspondant
Distribution des résultats
% des personnes avec chaque résultat
Percentile par nombre de réponses
Votre historique - résultats
Vous n’avez pas pris ce quiz